000 01001cam a22002653a 4500
001 13413
003 PGUSA
005 20140828083304.0
008 040909s2004||||xxu|||||s|||||000 1 eng d
040 _aPGUSA
_beng
042 _adc
050 4 _aPG
100 1 _aChekhov, Anton Pavlovich,
_d1860-1904
245 1 4 _aThe Party and other stories
_h[electronic resource] /
_cAnton Pavlovich Chekhov
260 _bProject Gutenberg,
_c2004
505 0 _aThe party -- Terror -- A woman's kingdom -- A problem -- The kiss -- "Anna on the neck" -- The teacher of literature -- Not wanted -- Typhus -- A misfortune -- A trifle from life.
506 _aPublic domain in the USA.
516 _aElectronic text
653 _aChekhov, Anton Pavlovich, 1860-1904 -- Translations into English
653 _aRussia -- Social life and customs -- Fiction
700 1 _aGarnett, Constance,
_d1861-1946
830 0 _aProject Gutenberg
_v13413
856 4 0 _uhttp://www.gutenberg.org/ebooks/13413
942 _cEB
999 _c242668
_d242668